<?xml version="1.0" encoding="UTF-8"?>
<record
    xmlns:xsi="http://www.w3.org/2001/XMLSchema-instance"
    xsi:schemaLocation="http://www.loc.gov/MARC21/slim http://www.loc.gov/standards/marcxml/schema/MARC21slim.xsd"
    xmlns="http://www.loc.gov/MARC21/slim">

  <leader>00535nam a22001817a 4500</leader>
  <datafield tag="999" ind1=" " ind2=" ">
    <subfield code="c">172694</subfield>
    <subfield code="d">172694</subfield>
  </datafield>
  <controlfield tag="005">20200211120920.0</controlfield>
  <datafield tag="010" ind1=" " ind2=" ">
    <subfield code="a">A-304662</subfield>
  </datafield>
  <datafield tag="020" ind1=" " ind2=" ">
    <subfield code="c">53.00</subfield>
  </datafield>
  <datafield tag="035" ind1=" " ind2=" ">
    <subfield code="a">A-304662</subfield>
  </datafield>
  <datafield tag="037" ind1=" " ind2=" ">
    <subfield code="b">BPPD/Pub.</subfield>
  </datafield>
  <datafield tag="082" ind1=" " ind2=" ">
    <subfield code="a">954.16</subfield>
  </datafield>
  <datafield tag="100" ind1=" " ind2=" ">
    <subfield code="a">&#x645;&#x6C1;&#x6CC;&#x634;&#x648;&#x631; &#x62F;&#x6CC;&#x627;&#x644;</subfield>
  </datafield>
  <datafield tag="245" ind1=" " ind2=" ">
    <subfield code="a">&#x639;&#x627;&#x644;&#x645; &#x645;&#x6CC;&#x6BA; &#x627;&#x646;&#x62A;&#x62E;&#x627;&#x628;-&#x62F;&#x6C1;&#x644;&#x6CC; /</subfield>
    <subfield code="c">&#x645;&#x6C1;&#x6CC;&#x634;&#x648;&#x631; &#x62F;&#x6CC;&#x627;&#x644;</subfield>
  </datafield>
  <datafield tag="246" ind1=" " ind2=" ">
    <subfield code="a">Alam Mein Intekhab-Delhi (Urdu) /</subfield>
    <subfield code="b">by Maheshwar Dayal</subfield>
  </datafield>
  <datafield tag="260" ind1=" " ind2=" ">
    <subfield code="a">Delhi</subfield>
    <subfield code="b">Urdu Akademy</subfield>
    <subfield code="c">1987 &#x621;</subfield>
  </datafield>
  <datafield tag="300" ind1=" " ind2=" ">
    <subfield code="a">516p. </subfield>
    <subfield code="c">22cm(Hb)</subfield>
  </datafield>
  <datafield tag="942" ind1=" " ind2=" ">
    <subfield code="2">ddc</subfield>
    <subfield code="c">UR</subfield>
    <subfield code="h">954.16</subfield>
    <subfield code="m">&#x645; &#x6C1; &#x634;</subfield>
  </datafield>
  <datafield tag="952" ind1=" " ind2=" ">
    <subfield code="0">0</subfield>
    <subfield code="1">0</subfield>
    <subfield code="4">0</subfield>
    <subfield code="7">0</subfield>
    <subfield code="8">NFIC</subfield>
    <subfield code="a">L</subfield>
    <subfield code="b">L</subfield>
    <subfield code="d">2020-02-11</subfield>
    <subfield code="e">BPPD/Ven.</subfield>
    <subfield code="g">53.00</subfield>
    <subfield code="l">1</subfield>
    <subfield code="o">954.16 &#x645; &#x6C1; &#x634;</subfield>
    <subfield code="p">A-304662</subfield>
    <subfield code="r">2024-01-24 00:00:00</subfield>
    <subfield code="s">2024-01-10</subfield>
    <subfield code="t">1</subfield>
    <subfield code="v">53.00</subfield>
    <subfield code="w">2020-02-11</subfield>
    <subfield code="y">UR</subfield>
  </datafield>
</record>
